Дебютная энциклопедия по русским шашкам. Т. 6: Начала с 1.c3-d4 (Запись № 12187981)
[ простой вид ]
| 000 -МАРКЕР | |
|---|---|
| контрольное поле | 02927nam2a2200349 4500 |
| 001 - ИДЕНТИФИКАТОР ЗАПИСИ | |
| контрольное поле | RU\NLR\BIBL_A\012492715 |
| 005 - ИДЕНТИФИКАТОР ВЕРСИИ | |
| контрольное поле | 20210428151713.0 |
| 010 ## - МЕЖДУНАРОДНЫЙ СТАНДАРТНЫЙ НОМЕР КНИГИ (ISBN) | |
| Номер (ISBN) | 978-5-4492-0171-3 |
| Тираж | 100 |
| 021 ## - НОМЕР ГОСУДАРСТВЕННОЙ РЕГИСТРАЦИИ | |
| Код страны | Российская Федерация |
| Номер | КН-П-20-077323 |
| Номер Листа государственной регистраци | КН-П-20-5839 |
| 035 ## - ДРУГИЕ СИСТЕМНЫЕ НОМЕРА | |
| Идентификатор записи | (NLR Aleph) 012492715 |
| 100 ## - ДАННЫЕ ОБЩЕЙ ОБРАБОТКИ | |
| Данные общей обработки | 20210401d2020 u y0rusy50 ca |
| 101 0# - ЯЗЫК РЕСУРСА | |
| Язык текста, звукозаписи и т.д. | русский |
| 102 ## - СТРАНА ПУБЛИКАЦИИ ИЛИ ПРОИЗВОДСТВА | |
| Страна публикации | Российская Федерация |
| 105 ## - ПОЛЕ КОДИРОВАННЫХ ДАННЫХ: ТЕКСТОВЫЕ МАТЕРИАЛЫ, МОНОГРАФИЧЕСКИЕ | |
| Кодированные данные о монографическом текстовом документе | a j 000zy |
| 200 1# - ЗАГЛАВИЕ И СВЕДЕНИЯ ОБ ОТВЕТСТВЕННОСТИ | |
| Основное заглавие | Начала с 1.c3-d4 |
| Сведения, относящиеся к заглавию | системы с 1.с3-d4. Дебюты: Жертва Мазурка, Игра Медкова, Игра Рамма-Цукерника, Игра Романычева, Кол, Отказанный кол, Новое начало (Игра Купермана), Отыгрыш, Отказанный отыгрыш, Центральная партия |
| Первые сведения об ответственности | В. М. Высоцкий, С. Е. Кацтов, Е. Н. Кондраченко, Н. Н. Негра |
| 210 ## - ПУБЛИКАЦИЯ, РАСПРОСТРАНЕНИЕ И ДР. | |
| Место издания, распространения и т.д. | Москва |
| Имя издателя, распространителя и т. д. | КнигИздат |
| Дата издания, распространения и т.д. | 2020 |
| 215 ## - ФИЗИЧЕСКАЯ ХАРАКТЕРИСТИКА | |
| Специфическое обозначение материала и объем | 232 с. |
| Другие сведения о физической характеристике | ил. |
| 300 ## - ОБЩИЕ ПРИМЕЧАНИЯ | |
| Текст примечания | На обороте тит. с. авт.: междунар. мастер В. М. Высоцкий, гроссмейстер СЛШИ, мастер спорта С. Е. Кацтов, междунар. гроссмейстер Е. Н. Кондраченко, гроссмейстер Н. Н. Негра |
| 320 ## - ПРИМЕЧАНИЯ О НАЛИЧИИ В ДОКУМЕНТЕ БИБЛИОГРАФИИ / УКАЗАТЕЛЯ | |
| Текст примечания | Библиогр.: с. 228-229 |
| 461 #0 - УРОВЕНЬ НАБОРА | |
| Встроенное поле | 001RU\NLR\bibl\848807 |
| -- | 2001#$aДебютная энциклопедия по русским шашкам$fВ.М. Высоцкий, А.П. Горин$vТ. 6 |
| -- | 700#1$aВысоцкий$bВ. М.$4070 |
| Системный номер (АБИС) связанной записи | 1399911 |
| Автор | Высоцкий, В. М. |
| Место публикации | Москва |
| Дата публикации | 2005 |
| Первые сведения об ответственности | В.М. Высоцкий, А.П. Горин |
| Имя издателя, распространителя и т.д. | Восток-издат |
| Заглавие | Дебютная энциклопедия по русским шашкам |
| Номер тома | Т. 6 |
| 517 1# - ДРУГИЕ ВАРИАНТЫ ЗАГЛАВИЯ | |
| Вариант заглавия | Системы с 1.с3-d4. Дебюты: Жертва Мазурка, Игра Медкова, Игра Рамма-Цукерника, Игра Романычева, Кол, Отказанный кол, Новое начало (Игра Купермана), Отыгрыш, Отказанный отыгрыш, Центральная партия |
| 517 1# - ДРУГИЕ ВАРИАНТЫ ЗАГЛАВИЯ | |
| Вариант заглавия | Дебюты: Жертва Мазурка, Игра Медкова, Игра Рамма-Цукерника, Игра Романычева, Кол, Отказанный кол, Новое начало (Игра Купермана), Отыгрыш, Отказанный отыгрыш, Центральная партия |
| 701 #1 - ИМЯ ЛИЦА - АЛЬТЕРНАТИВНАЯ ОТВЕТСТВЕННОСТЬ | |
| Начальный элемент ввода | Высоцкий |
| Часть имени, кроме начального элемента ввода | В. М. |
| Расширение инициалов личного имени | Виктор М. |
| 701 #1 - ИМЯ ЛИЦА - АЛЬТЕРНАТИВНАЯ ОТВЕТСТВЕННОСТЬ | |
| Начальный элемент ввода | Кацтов |
| Часть имени, кроме начального элемента ввода | С. Е. |
| Даты | 1962- |
| Расширение инициалов личного имени | Сергей Ефимович |
| 701 #1 - ИМЯ ЛИЦА - АЛЬТЕРНАТИВНАЯ ОТВЕТСТВЕННОСТЬ | |
| Начальный элемент ввода | Кондраченко |
| Часть имени, кроме начального элемента ввода | Е. Н. |
| 701 #1 - ИМЯ ЛИЦА - АЛЬТЕРНАТИВНАЯ ОТВЕТСТВЕННОСТЬ | |
| Начальный элемент ввода | Негра |
| Часть имени, кроме начального элемента ввода | Н. Н. |
| Расширение инициалов личного имени | Николай Николаевич |
| 942 ## - ДОПОЛНИТЕЛЬНЫЕ ЭЛЕМЕНТЫ ЗАПИСИ (АБИС) | |
| Тип экземпляра АБИС | Книга |
| 980 ## - КОЛЛЕКЦИЯ | |
| Название коллекции | НБР |
| 980 ## - КОЛЛЕКЦИЯ | |
| Название коллекции | Национальная библиография |
Нет доступных экземпляров.